Lineáris többlépéses módszerek stabilitás vizsgálata.

Elmentve itt :
Bibliográfiai részletek
Szerző: Villar Cecília Placeres
További közreműködők: Czinkóczi László (Témavezető)
Dokumentumtípus: Szakdolgozat
Megjelent: 1983
Tárgyszavak:
Online Access:http://diploma.bibl.u-szeged.hu/136
LEADER 00584nta a2200157 i 4500
001 dipl136
005 20130314065550.0
008 101026s1983 hu om 0|| hun d
040 |a SZTE Diploma Repozitórium  |b hun 
041 |a hun 
100 1 |a Villar Cecília Placeres 
245 1 0 |a Lineáris többlépéses módszerek stabilitás vizsgálata.  |h [elektronikus dokumentum] /  |c Cecília Placeres Villar 
260 |c 1983 
650 4 |a Informatika 
700 1 |a Czinkóczi László  |e ths 
856 4 0 |u http://diploma.bibl.u-szeged.hu/id/eprint/136/1/1983_cecilia_placeres_villar_83_75.pdf  |z Dokumentum-elérés